000
00319nam a22001457a 4500
008
210427b ||||| |||| 00| 0 eng d
020
_a
9780136154181
041
_a
eng
080
_2
6th
_a
338
082
_a
338
100
_a
54
101
_a
MEN
245
_a
International Management
_c
Deresky,H
942
_2
udc
_c
BK
999
_c
56827
_d
56827